[Event "San Sebastian de los Reyes op 19th"]
[Site "San Sebastian"]
[Date "2017.12.04"]
[Round "3"]
[White "Martinez Miura, Enrique"]
[Black "Ojosnegros Martin, Angel"]
[Result "1-0"]
[WhiteElo "1643"]
[BlackElo "1519"]
[PlyCount "79"]
[EventDate "2017.12.02"]
[EventType "swiss"]
[EventRounds "9"]
[EventCountry "ESP"]
[SourceTitle "CBM 182 Extra"]
[Source "ChessBase"]
[SourceDate "2018.02.23"]
[SourceVersion "1"]
[SourceVersionDate "2018.02.23"]
[SourceQuality "1"]

1. e4 e5 2. Nf3 Nc6 3. Bb5 Bc5 4. 0-0 Nge7 5. c3 Bb6 6. d4 exd4 7. cxd4 d5 8. e5 Bg4 9. Be3 0-0 10. Be2 Nf5 11. Nc3 Re8 12. Qd2 Qd7 13. h3 Bxf3 14. Bxf3 Bxd4 15. Bxd4 Ncxd4 16. Bg4 c5 17. Rfe1 Rad8 18. Rad1 g6 19. Qg5 Qc7 20. Bxf5 Nxf5 21. Nxd5 Rxd5 22. Rxd5 Nd4 23. Qf6 Qa5 24. Rd1 Qxa2 25. Rxc5 Qxb2 26. Kh2 Nc6 27. Rd7 Nxe5 28. Rxf7 Nd3 29. Qxb2 Nxb2 30. Rcc7 a5 31. Rg7+ Kh8 32. Rxh7+ Kg8 33. Rcg7+ Kf8 34. Rxb7 Kg8 35. Rhg7+ Kh8 36. Rxg6 Re2 37. Rb5 Kh7 38. Rg4 Kh6 39. f4 a4 40. Rbg5 1-0

[Event "Madrid-ch Previa-B"]
[Site "Madrid"]
[Date "2017.02.10"]
[Round "4"]
[White "Osuna Osuna, Francisco"]
[Black "Ojosnegros Martin, Angel"]
[Result "1-0"]
[WhiteElo "1588"]
[BlackElo "1516"]
[PlyCount "135"]
[EventDate "2017.02.02"]
[EventType "swiss"]
[EventRounds "9"]
[EventCountry "ESP"]
[SourceTitle "EXT 2018"]
[Source "ChessBase"]
[SourceDate "2017.10.13"]
[SourceVersion "1"]
[SourceVersionDate "2017.10.13"]
[SourceQuality "1"]

1. e4 e5 2. Nf3 Nc6 3. Bc4 Bc5 4. Nc3 d6 5. d3 Nf6 6. Bg5 h6 7. Bxf6 Qxf6 8. Nd5 Qd8 9. Qd2 a6 10. a4 Be6 11. c3 0-0 12. d4 exd4 13. Nxd4 Qh4 14. Qe3 Na5 15. Ba2 Bxd5 16. Bxd5 c6 17. Ba2 Rae8 18. Bb1 Nb3 19. g3 Qf6 20. Ra2 Qg6 21. 0-0 Qf6 22. Qd3 Nxd4 23. cxd4 Bxd4 24. e5 Bxf2+ 25. Rxf2 Qg6 26. Qxg6 fxg6 27. Rxf8+ Kxf8 28. Bxg6 Rxe5 29. b4 b6 30. Rf2+ Kg8 31. Bf7+ Kh7 32. Bc4 a5 33. b5 c5 34. Rd2 Re1+ 35. Kf2 Rc1 36. Bd3+ Kg8 37. Bc2 Kf8 38. Ke3 d5 39. Bg6 d4+ 40. Ke4 Ra1 41. Rf2+ Kg8 42. Bf7+ Kf8 43. Bb3+ Ke8 44. Kd5 Re1 45. Kc6 Re3 46. Bc4 Rc3 47. Bd5 d3 48. Kxb6 Rc2 49. Rf1 c4 50. Rd1 d2 51. Ka7 c3 52. b6 Rb2 53. Be4 Kd8 54. Ka6 Rb4 55. Bc2 Rb2 56. b7 Kc7 57. Be4 c2 58. Bxc2 Rxc2 59. Kxa5 Kxb7 60. Kb4 Kb6 61. Kb3 Rc5 62. Rxd2 Rc7 63. Ra2 Ka5 64. Rc2 Rb7+ 65. Kc4 Rb4+ 66. Kd5 Rxa4 67. Rc7 Ra2 68. Ra7+ 1-0

[Event "San Sebastian de los Reyes op 18th"]
[Site "San Sebastian"]
[Date "2016.12.05"]
[Round "3"]
[White "Ojosnegros Martin, Angel"]
[Black "Gonzalez Berrendero, Carlos"]
[Result "0-1"]
[WhiteElo "1547"]
[BlackElo "1834"]
[PlyCount "50"]
[EventDate "2016.12.03"]
[EventType "swiss"]
[EventRounds "9"]
[EventCountry "ESP"]
[SourceTitle "CBM 176 Extra"]
[Source "ChessBase"]
[SourceDate "2017.03.02"]
[SourceVersion "1"]
[SourceVersionDate "2017.03.02"]
[SourceQuality "1"]

1. e4 c5 2. Nf3 d6 3. d4 cxd4 4. Nxd4 Nf6 5. Nc3 a6 6. g3 e5 7. Nde2 Bg4 8. Bg2 Nc6 9. f3 Be6 10. Be3 Be7 11. 0-0 d5 12. exd5 Nxd5 13. Nxd5 Bxd5 14. Nc3 Bc4 15. Re1 0-0 16. a3 f5 17. Bf2 b5 18. g4 Qe8 19. f4 Rd8 20. Qc1 fxg4 21. Bb6 Rd6 22. Bc7 Rh6 23. Qe3 Qh5 24. Ne2 Qxh2+ 25. Kf1 Rxf4+ 0-1

[Event "San Sebastian de los Reyes op 18th"]
[Site "San Sebastian"]
[Date "2016.12.03"]
[Round "1"]
[White "Ojosnegros Martin, Angel"]
[Black "Marcos Herrero, Francisco"]
[Result "0-1"]
[WhiteElo "1547"]
[BlackElo "1996"]
[PlyCount "120"]
[EventDate "2016.12.03"]
[EventType "swiss"]
[EventRounds "9"]
[EventCountry "ESP"]
[SourceTitle "CBM 176 Extra"]
[Source "ChessBase"]
[SourceDate "2017.03.02"]
[SourceVersion "1"]
[SourceVersionDate "2017.03.02"]
[SourceQuality "1"]

1. e4 c5 2. Nf3 g6 3. d4 cxd4 4. Nxd4 Nf6 5. Nc3 Nc6 6. Nde2 Bg7 7. g3 0-0 8. Bg2 d6 9. 0-0 Bd7 10. Re1 Rc8 11. Nd5 Ne5 12. Nxf6+ Bxf6 13. Rb1 Bg4 14. Bh6 Re8 15. c3 Qa5 16. a3 Qa6 17. h3 Nf3+ 18. Bxf3 Bxf3 19. Qc2 d5 20. exd5 Bxd5 21. Nf4 Bf3 22. Qd3 Qxd3 23. Nxd3 Bd5 24. h4 b6 25. Re3 e6 26. Rbe1 Be7 27. Bf4 Kg7 28. Nb4 Bb3 29. Kh2 f6 30. g4 Bc5 31. Rf3 a5 32. Na6 Bd5 33. Rh3 Bxf2 34. Re2 e5 35. Bd2 Bxh4 36. Rxh4 Bc4 37. Bh6+ Kf7 38. Rd2 Bxa6 39. Be3 Red8 40. Rxh7+ Ke6 41. Rxd8 Rxd8 42. Bxb6 Rd2+ 43. Kg3 a4 44. Bc5 Rxb2 45. Bb4 Rb1 46. Kf3 Rf1+ 47. Kg2 Rf4 48. Kg3 Kd5 49. Rd7+ Kc4 50. Rd6 Bb5 51. Rb6 Bd7 52. Ra6 Rxg4+ 53. Kh2 f5 54. Rd6 Bb5 55. Kh3 e4 56. Rd4+ Kb3 57. Rd5 Bf1+ 58. Kh2 e3 59. Re5 e2 60. Re3 f4 0-1

[Event "Madrid-ch sf"]
[Site "Madrid"]
[Date "2016.02.17"]
[Round "6"]
[White "Ojosnegros Martin, Angel"]
[Black "Algaba Traspuesto, Jose Antonio"]
[Result "0-1"]
[WhiteElo "1524"]
[BlackElo "1635"]
[PlyCount "88"]
[EventDate "2016.02.08"]
[EventType "swiss"]
[EventRounds "9"]
[EventCountry "ESP"]
[SourceTitle "CBM 171 Extra"]
[Source "ChessBase"]
[SourceDate "2016.04.26"]
[SourceVersion "1"]
[SourceVersionDate "2016.04.26"]
[SourceQuality "1"]

1. e4 d5 2. exd5 Nf6 3. d4 Nxd5 4. c4 Nb6 5. Be3 e5 6. c5 Nd5 7. Qd2 Nc6 8. Bb5 Bd7 9. Nf3 exd4 10. Nxd4 Nxd4 11. Bxd7+ Qxd7 12. Qxd4 Nxe3 13. Qxe3+ Qe7 14. Nc3 Qxe3+ 15. fxe3 Bxc5 16. Nd5 0-0-0 17. 0-0-0 c6 18. Nc3 Bxe3+ 19. Kc2 Rxd1 20. Nxd1 Bd4 21. Re1 Kd7 22. Re4 c5 23. Kd3 Re8 24. Rf4 Re7 25. Nc3 Bxc3 26. bxc3 f6 27. g4 b5 28. a4 a6 29. h4 Re5 30. h5 h6 31. axb5 axb5 32. c4 b4 33. Kc2 Kd6 34. Kd3 Re1 35. Kd2 Rg1 36. Kc2 Rg3 37. Kb2 Re3 38. Kc2 Ke5 39. Rf5+ Kd4 40. Rd5+ Kxc4 41. Rd7 b3+ 42. Kd2 Rc3 43. Rxg7 b2 44. Rb7 Rb3 0-1

[Event "Madrid-ch Previa-A"]
[Site "Madrid"]
[Date "2014.02.12"]
[Round "6"]
[White "Ojosnegros Martin, Angel"]
[Black "Martin Rodriguez, Jose Luis"]
[Result "0-1"]
[WhiteElo "1532"]
[BlackElo "1385"]
[PlyCount "118"]
[EventDate "2014.02.03"]
[EventType "swiss"]
[EventRounds "9"]
[EventCountry "ESP"]
[SourceTitle "EXT 2015"]
[Source "ChessBase"]
[SourceDate "2014.11.20"]
[SourceVersion "1"]
[SourceVersionDate "2014.11.20"]
[SourceQuality "1"]

1. e4 e6 2. d4 d5 3. exd5 exd5 4. Nf3 Nf6 5. Bd3 Bd6 6. 0-0 0-0 7. c3 Bg4 8. Bg5 h6 9. Bh4 Bf4 10. Be2 Re8 11. Nbd2 Nbd7 12. Re1 c6 13. Bg3 Bxg3 14. fxg3 Qc7 15. Qc2 Nf8 16. c4 Re7 17. Rac1 Rae8 18. Ne5 Bxe2 19. Rxe2 Ne6 20. Ndf3 Qb6 21. c5 Qc7 22. Qd1 Nf8 23. Rcc2 Re6 24. g4 Qe7 25. h3 N6h7 26. Re1 f6 27. Nd3 Rxe1+ 28. Ndxe1 Qe3+ 29. Kh2 Ng6 30. Qd2 Qf4+ 31. Qxf4 Nxf4 32. g3 Ng6 33. Kg2 Re4 34. Kf2 Ng5 35. Nxg5 fxg5 36. Nf3 Kf7 37. b4 Kf6 38. a4 Nf8 39. b5 Ne6 40. bxc6 bxc6 41. Rb2 Nxd4 42. Nh2 Re7 43. h4 Kf7 44. hxg5 hxg5 45. Nf1 Ke8 46. Rb8+ Kf7 47. Ne3 g6 48. Rh8 Kg7 49. Rc8 Kf6 50. Rg8 Kf7 51. Rb8 Kf6 52. Rf8+ Rf7 53. Rxf7+ Kxf7 54. Nd1 Ne6 55. Ke3 Nxc5 56. Nc3 Ke6 57. Kd4 Nd7 58. a5 Kd6 59. Na2 Ne5 0-1

[Event "Villalba op 1st"]
[Site "Villalba"]
[Date "2013.08.02"]
[Round "7.29"]
[White "Romero Jaime, Pedro"]
[Black "Ojosnegros Martin, Angel"]
[Result "1-0"]
[WhiteElo "1620"]
[BlackElo "1505"]
[PlyCount "77"]
[EventDate "2013.07.27"]
[EventType "swiss"]
[EventRounds "9"]
[EventCountry "ESP"]
[SourceTitle "EXT 2024"]
[Source "ChessBase"]
[SourceDate "2023.10.10"]
[SourceVersion "1"]
[SourceVersionDate "2023.10.10"]
[SourceQuality "1"]

1. c4 Nf6 2. Nc3 e6 3. g3 d5 4. cxd5 exd5 5. Nf3 Be7 6. Bg2 b6 7. 0-0 Bb7 8. d4 Nbd7 9. Bf4 0-0 10. Rc1 a6 11. Ne1 c5 12. dxc5 Nxc5 13. a3 Re8 14. Nf3 Ne6 15. Be5 Bd6 16. Bxf6 Qxf6 17. Nd2 Rad8 18. Qb3 Bc5 19. Nxd5 Bxd5 20. Bxd5 Nd4 21. Qa2 Nxe2+ 22. Kg2 Nxc1 23. Qc4 Ne2 24. Ne4 Qg6 25. Qxe2 Kh8 26. Qc4 Rxd5 27. f3 Red8 28. Re1 f5 29. Nc3 Rd2+ 30. Ne2 h6 31. b4 Be7 32. Qxa6 f4 33. Qc4 Qd3 34. Qe6 Bf6 35. Kh3 Qxf3 36. Nxf4 Rxh2+ 37. Kxh2 Rd2+ 38. Kh3 Kh7 39. Qf5+ 1-0

[Event "Villalba op 1st"]
[Site "Villalba"]
[Date "2013.08.01"]
[Round "6.24"]
[White "Ojosnegros Martin, Angel"]
[Black "Cobo Mazorra, Alejandro"]
[Result "0-1"]
[WhiteElo "1505"]
[BlackElo "1699"]
[PlyCount "64"]
[EventDate "2013.07.27"]
[EventType "swiss"]
[EventRounds "9"]
[EventCountry "ESP"]
[SourceTitle "EXT 2024"]
[Source "ChessBase"]
[SourceDate "2023.10.10"]
[SourceVersion "1"]
[SourceVersionDate "2023.10.10"]
[SourceQuality "1"]

1. e4 d6 2. d4 Nf6 3. Nc3 g6 4. f3 Bg7 5. Be3 0-0 6. Qd2 Re8 7. 0-0-0 c6 8. g4 b5 9. a3 a5 10. Nce2 Na6 11. Bg2 b4 12. a4 Qc7 13. b3 c5 14. Kb1 Nd7 15. f4 c4 16. Rc1 c3 17. Qe1 Bb7 18. Qg3 Nb6 19. f5 Qd7 20. e5 Bxg2 21. e6 fxe6 22. fxe6 Qc6 23. d5 Bxd5 24. Nd4 Qb7 25. Qh4 Bxh1 26. Rf1 Rf8 27. Nf5 gxf5 28. Qg5 h6 29. Qh5 fxg4 30. Rf7 Rxf7 31. Qxf7+ Kh8 32. Qg6 Qe4 0-1

[Event "Madrid-ch Previa-B"]
[Site "Madrid"]
[Date "2013.02.02"]
[Round "2"]
[White "Ojosnegros Martin, Angel"]
[Black "Merino Araguas, Jose Javier"]
[Result "1/2-1/2"]
[WhiteElo "1522"]
[BlackElo "1829"]
[PlyCount "126"]
[EventDate "2013.02.01"]
[EventType "swiss"]
[EventRounds "9"]
[EventCountry "ESP"]
[SourceTitle "CBM 152 Extra"]
[Source "ChessBase"]
[SourceDate "2013.02.25"]
[SourceVersion "1"]
[SourceVersionDate "2013.02.25"]
[SourceQuality "1"]

1. e4 e6 2. d4 d5 3. exd5 exd5 4. Nf3 Bg4 5. Be3 Nf6 6. c4 Bb4+ 7. Bd2 Qe7+ 8. Qe2 Bxf3 9. Bxb4 Qxe2+ 10. Bxe2 Bxe2 11. Kxe2 Nc6 12. Bc3 dxc4 13. Re1 0-0-0 14. Kf1 Nxd4 15. Na3 a6 16. Re7 Rhf8 17. Nxc4 Ne6 18. Bxf6 gxf6 19. Rc1 Rd4 20. Ne3 h5 21. Nf5 Rd5 22. Nh6 Rd7 23. Rxd7 Kxd7 24. Nf5 Rd8 25. Rd1+ Ke8 26. Rxd8+ Kxd8 27. g3 Kd7 28. Ke2 Kc6 29. Ke3 Kd7 30. b4 b6 31. Ke4 Ng5+ 32. Kd5 c6+ 33. Kc4 Nf3 34. h4 Ne5+ 35. Kd4 Ng4 36. f4 Nf2 37. a4 Ng4 38. a5 c5+ 39. bxc5 bxa5 40. Kc4 a4 41. Kb4 a3 42. Kxa3 Kc6 43. Kb4 Nf2 44. Nd4+ Kc7 45. Ka5 Ne4 46. Kxa6 Nxc5+ 47. Kb5 Ne4 48. Nf5 Kd7 49. Kc4 Ke6 50. Ng7+ Ke7 51. Nxh5 f5 52. Kd5 f6 53. g4 Nc3+ 54. Kd4 Nb5+ 55. Ke3 fxg4 56. Ng3 Nd6 57. f5 Nf7 58. Kf4 Nh6 59. Nh5 Kf7 60. Ng3 Ke7 61. Nh5 Kf7 62. Ng3 Ke7 63. Nh5 Kf7 1/2-1/2

[Event "Madrid Oliver Gonzalez Memorial-B 3rd"]
[Site "Madrid"]
[Date "2012.09.05"]
[Round "5"]
[White "Rodriguez Gomez, Jose Antonio"]
[Black "Ojosnegros Martin, Angel"]
[Result "0-1"]
[WhiteElo "1716"]
[BlackElo "1507"]
[PlyCount "66"]
[EventDate "2012.09.01"]
[EventType "swiss"]
[EventRounds "9"]
[EventCountry "ESP"]
[SourceTitle "CBM 150 Extra"]
[Source "ChessBase"]
[SourceDate "2012.10.19"]
[SourceVersion "1"]
[SourceVersionDate "2012.10.19"]
[SourceQuality "1"]

1. e4 e5 2. Nf3 Nc6 3. Bb5 Bc5 4. c3 Bb6 5. d4 exd4 6. cxd4 d5 7. e5 Nge7 8. Bg5 0-0 9. 0-0 Bg4 10. Bxc6 bxc6 11. Be3 Qd7 12. Nbd2 h6 13. Qa4 Ng6 14. Rac1 f5 15. exf6 Rxf6 16. Ne5 Nxe5 17. dxe5 Rg6 18. Bxb6 cxb6 19. f4 Bh3 20. Rf2 Qg4 21. g3 h5 22. Nf3 h4 23. Nxh4 Qxh4 24. Rxc6 Rxg3+ 25. Kh1 Bd7 26. Qc2 Bxc6 27. Qxc6 Rd8 28. Qe6+ Kh8 29. Qf5 Qg4 30. Qb1 Re3 31. Qf1 d4 32. f5 Qe4+ 33. Kg1 Re1 0-1

[Event "Collado Villalba op-B 29th"]
[Site "Collado Villalba"]
[Date "2012.08.30"]
[Round "7"]
[White "Melcon Diez, Enrique"]
[Black "Ojosnegros Martin, Angel"]
[Result "1-0"]
[WhiteElo "1637"]
[BlackElo "1503"]
[PlyCount "83"]
[EventDate "2012.08.24"]
[EventType "swiss"]
[EventRounds "9"]
[EventCountry "ESP"]
[SourceTitle "CBM 150 Extra"]
[Source "ChessBase"]
[SourceDate "2012.10.19"]
[SourceVersion "1"]
[SourceVersionDate "2012.10.19"]
[SourceQuality "1"]

1. c4 Nf6 2. Nc3 e6 3. e4 d5 4. e5 d4 5. exf6 dxc3 6. bxc3 Qxf6 7. Nf3 Nc6 8. d4 h6 9. Bd3 Qd8 10. 0-0 Be7 11. Rb1 0-0 12. c5 b6 13. Be4 Bb7 14. Ne5 Qe8 15. Qa4 Nxe5 16. Qxe8 Raxe8 17. Bxb7 Nd3 18. Bd2 g5 19. g3 bxc5 20. Ba6 Nxf2 21. Kxf2 Rb8 22. Be3 cxd4 23. Bxd4 c5 24. Be5 Rb6 25. Rxb6 axb6 26. Bc7 Ra8 27. Bc4 b5 28. Bxb5 Rxa2+ 29. Kg1 Kg7 30. Be8 f6 31. Re1 Ra7 32. Bb6 Rb7 33. Rxe6 Kf8 34. Bg6 Rd7 35. Rc6 Rd6 36. Rxd6 Bxd6 37. c4 Ke7 38. Bf5 Kf7 39. g4 Kg7 40. Kg2 Kf7 41. h3 Bf8 42. Kf3 1-0